| 000 | 01095nam a2200301 a 4500 | ||
|---|---|---|---|
| 001 | 000111733 | ||
| 003 | CHAP | ||
| 005 | 20220329144226.0 | ||
| 008 | 150722s2015 mx a |rm |0|||||spa d | ||
| 010 | _a108194 | ||
| 011 | _a109166 | ||
| 040 | _cCHAP | ||
| 090 | _aTesis | ||
| 100 | 1 |
_aMontañez Vázquez, Juan Carlos _9129664 |
|
| 245 | 1 | 0 |
_aAplicación de ceratión, graneril y lindano para el control del gorgojo de la semilla del tamarindo (Curcyedon serratus Oliver) (Coleoptera: Curcurlionidae), en laboratorio / _cpor Juan Carlos Montañez Vázquez. |
| 260 |
_aCocula, Gro. : _bEl autor, _c2015. |
||
| 300 |
_a50 h. : _bil, gráfs. |
||
| 502 | _aTesis (Ing. Agr. Fitotecnista) -- CSAEGRO. Centro de Estudios Profesionales | ||
| 590 |
_aBATCH-UPD _b05 _c20150722 _lUCH01 _h1358 |
||
| 590 |
_aE5652GLJ _b05 _c20150722 _lUCH01 _h1358 |
||
| 650 | 1 | 4 |
_aCurcyedon serratus _xControl. _9129681 |
| 650 | 1 | 4 |
_aInsecticidas _xAplicación. _958857 |
| 650 | 1 | 4 |
_aInsecticidas _xEfecto en plagas. _958870 |
| 650 | 1 | 4 |
_aTamarindo _xPlagas. _9129680 |
| 901 | _aBK | ||
| 942 | _cTESIS | ||
| 942 | _n0 | ||
| 999 |
_c108194 _d108194 |
||